000 01226nam a2200241Ia 4500
003 Ost
005 20260507075029.0
008 260507s9999||||xx |||||||||||||| ||und||
020 _a×150069957
040 _cfsecg
041 _aara
082 _a330
100 _aالفضيل، مؤيد محمد
_eمؤلف
245 0 _aالمحاسبة الإدارية /
_c مؤيد محمد الفضيل
260 _aعمان:
_bدار المسيرة للنشر والتوزيع,
_c2002
300 _a413 صفحة؛
_bإيضاحات ؛
_c24 سم
520 _aالإطار الفكري والمفاهيمي للمحاسبة الإدارية، أنواع التكاليف من منظور المحاسبة الإدارية، تحليل علاقة الكلفة، الحجم، الربح، الموازنات، الموازنة الرأسمالية، المعلومات الملائمة لإتخاذ القرارات قصيرة الأجل، اللامركزية ومحاسبة المسؤولين وأسعار التحويل
653 _aالإدارة
653 _aالإدارة المالية
653 _aالمحاسبة
700 _aنور، عبد الناصر إبراهيم
_eمؤلف ثانوي
942 _cكتاب
999 _c42381
_d42381